| 000 | 00392nab a22001097u 4500 | ||
|---|---|---|---|
| 008 | 130520b2003 xxu||||| |||| 00| 0 eng d | ||
| 041 | _aeng | ||
| 100 | 1 |
_aRowland, Christopher _947739 |
|
| 245 | 0 | 0 |
_aApocalypse and Violence: The evidence from the reception history of the Book of Revelation _cChristopher Rowland |
| 773 | 0 |
_tGrace & Truth _gV.20, nº2,2003,págs. 4-20 _x0 _wRev218 |
|
| 942 | _cAR | ||
| 999 |
_c299543 _d299543 |
||